General Knowledge A-Z #1 - Statistics

General Stats
  • This quiz has been taken 24 times
  • The average score is 15 of 26
Answer Stats
Hint Answer % Correct
Most importance piece in chess King
96%
The animal that Simba was Lion
91%
Your brother/sister's daughter Niece
91%
One of the seven colors of the rainbow Violet
91%
"The Father of the atomic bomb" Oppenheimer
87%
Short period comet that appears every 75 years Halley
83%
An animal created through the breeding of a horse and donkey Mule
83%
1980's arcade game about eating pellets and avoiding ghosts Pac-man
83%
The animal that killed Steve Irwin Stingray
83%
Country in the Middle East Yemen
78%
Scoring play in American football for advancing the ball into the end zone Touchdown
74%
Musical percussion instrument Xylophone
70%
Second book of the bible Exodus
65%
German political title used by Hitler Fuhrer
65%
Infamous serial killer Jack the Ripper
65%
Large, purple Mcdonald's mascot Grimace
52%
First imperial Chinese dynasty Qin
43%
Actress who plays MJ in the MCU Zendaya
43%
Former country (20th century) USSR
39%
Canadian singer, also known as Abel Tesfaye Weeknd
39%
Prophesied "end of the world" in Norse myth Ragnarok
30%
Highest taxonomic rank Domain
13%
Famous king of Jerusalem, also known as "the Leper King" Baldwin IV
4%
The property of some chemical elements which allows them to exist in multiple forms Allotrope
0%
Scientific name for "white sharks" Carcharodon
0%
Hybrid dinosaur featured in Jurassic World: Fallen Kingdom Indoraptor
0%
No matching quizzes found
Score Distribution
Percent of People with Each Score
Percentile by Number Answered
Your Score History
You have not taken this quiz